[Event "Sparkassen Open"]
[Site "Oberhausen"]
[Date "2011.04.21"]
[Round "1.4"]
[White "Algermißen, Andre"]
[Black "Hort, Vlastimil"]
[Result "0-1"]
[WhiteElo "1824"]
[BlackElo "2469"]
[PlyCount "66"]
[EventDate "2011.??.??"]
[WhiteTeam "SV Wesel 1928"]
[BlackTeam "Oberhausener SV 1887"]

1. e4 d6 2. d4 g6 3. Be3 Bg7 4. h3 a6 5. Nf3 Nd7 6. c3 b5 7. Be2 Bb7 8. Nbd2
Ngf6 9. Qc2 O-O 10. O-O e5 11. dxe5 dxe5 12. Rad1 Qe7 13. c4 b4 14. c5 Bc6 15.
Bd3 a5 16. Qc4 Rab8 17. Qc2 Rfd8 18. Ne1 Nf8 19. Qc4 Ne6 20. Nb3 Nd7 21. Rc1
Bf8 22. Nf3 f6 23. Rfd1 Kg7 24. Ne1 a4 25. Nd2 Re8 26. Ndf3 Ndxc5 27. Bxc5 Nxc5
28. Bb1 Bb5 29. Qc2 Red8 30. Rd5 Rxd5 31. exd5 Rd8 32. Nh4 Qf7 33. Nf5+ gxf5
0-1

[Event "Sparkassen Open"]
[Site "Oberhausen"]
[Date "2011.04.21"]
[Round "1.5"]
[White "Podzielny, Karl-Heinz"]
[Black "Szczepanski, Krzysztof"]
[Result "1-0"]
[WhiteElo "2455"]
[BlackElo "1818"]
[PlyCount "81"]
[EventDate "2011.??.??"]
[WhiteTeam "SV Letmathe 1933"]
[BlackTeam "SV Wesel 1928"]

1. d4 Nf6 2. Nf3 d5 3. c4 e6 4. Nc3 Bb4 5. Bg5 c6 6. Qb3 a5 7. e3 Nbd7 8. Bd3
Qb6 9. O-O Bxc3 10. Qxc3 O-O 11. c5 Qd8 12. Qc2 h6 13. Bf4 b5 14. cxb6 Qxb6 15.
Bd6 Re8 16. Rac1 Ba6 17. Ne1 Rec8 18. Bxa6 Qxa6 19. Nd3 Ne4 20. Ba3 Qb5 21. f3
Nef6 22. Be7 Ne8 23. Rfd1 Rab8 24. Qd2 Ra8 25. Rc3 Qa6 26. Rdc1 Qb7 27. Ba3 Ra6
28. e4 dxe4 29. fxe4 Nef6 30. Qf4 Qb5 31. Bc5 Raa8 32. Rb3 Qa6 33. Rf1 a4 34.
Rc3 Nxc5 35. Nxc5 Qa7 36. Rh3 Qc7 37. e5 Nh7 38. Rg3 Qe7 39. Qxh6 f6 40. exf6
Nxf6 41. Rxf6 1-0

[Event "Sparkassen Open"]
[Site "Oberhausen"]
[Date "2011.04.21"]
[Round "1.6"]
[White "Nemoj, Ilja"]
[Black "Becker, Marcel"]
[Result "0-1"]
[WhiteElo "1816"]
[BlackElo "2387"]
[PlyCount "60"]
[EventDate "2011.??.??"]
[WhiteTeam "SV Horst-Emscher 31"]
[BlackTeam "Oberhausener SV 1887"]

1. d4 d5 2. c3 Nf6 3. Bf4 g6 4. e3 Bg7 5. Nd2 O-O 6. Ngf3 c5 7. Bd3 b6 8. Rc1
Ba6 9. Bxa6 Nxa6 10. h3 b5 11. O-O Qb6 12. Re1 Rfe8 13. Ne5 Rad8 14. Ndf3 Ne4
15. Nd2 f6 16. Nd3 c4 17. Nb4 Nxb4 18. cxb4 e5 19. dxe5 fxe5 20. Bh2 Nxd2 21.
Qxd2 Bh6 22. Qe2 d4 23. Rcd1 d3 24. Qg4 e4 25. Bf4 Bg7 26. Rf1 Bxb2 27. f3 c3
28. fxe4 c2 29. Bh6 cxd1=Q 30. Qxd1 Qe6 0-1

[Event "Sparkassen Open"]
[Site "Oberhausen"]
[Date "2011.04.21"]
[Round "1.7"]
[White "van Assendelft, Floris"]
[Black "Josten, Severin Johannes"]
[Result "1-0"]
[WhiteElo "2356"]
[BlackElo "1813"]
[PlyCount "65"]
[EventDate "2011.??.??"]
[WhiteTeam "SC Klein-Berlin Rheine 1923"]
[BlackTeam "SV Schwarz-Weiß Oberhausen"]

1. e4 e6 2. d4 d5 3. e5 c5 4. c3 Nc6 5. Nf3 Qb6 6. a3 c4 7. Nbd2 Na5 8. g3 Bd7
9. h4 h5 10. Bh3 Ne7 11. O-O Nf5 12. Ng5 Be7 13. Ndf3 Nb3 14. Rb1 Qd8 15. Re1
b5 16. Bf4 a5 17. Bxf5 exf5 18. e6 Bxe6 19. Nxe6 fxe6 20. Rxe6 O-O 21. Ng5 Qd7
22. Rxe7 Qxe7 23. Qxh5 g6 24. Qxg6+ Qg7 25. Qe6+ Rf7 26. Be5 Qf8 27. h5 Qe7 28.
Qh6 Rh7 29. Qg6+ Rg7 30. Bxg7 Qxg7 31. Qe6+ Kh8 32. f4 Nd2 33. h6 1-0

[Event "Sparkassen Open"]
[Site "Oberhausen"]
[Date "2011.04.21"]
[Round "1.10"]
[White "Ranz, Marcel"]
[Black "Kaufeld, Jürgen"]
[Result "0-1"]
[WhiteElo "1771"]
[BlackElo "2260"]
[PlyCount "80"]
[EventDate "2011.??.??"]
[WhiteTeam "SC Weiße Dame Borbeck 25"]
[BlackTeam "SV Mülheim-Nord 1931"]

1. e4 c5 2. Nf3 d6 3. d4 cxd4 4. Nxd4 Nf6 5. Nc3 Nc6 6. f3 e5 7. Nb3 Be6 8. Be3
Be7 9. Qd2 O-O 10. Be2 a5 11. Bb5 Qb8 12. Na4 Na7 13. Be2 Nc8 14. g4 Ne8 15. h4
b5 16. Nc3 a4 17. Nc1 Nc7 18. g5 Qb7 19. h5 b4 20. Nd5 Bxd5 21. exd5 Nxd5 22.
Bd3 Nxe3 23. Qxe3 Nb6 24. Ne2 Rae8 25. Kf2 Qc6 26. Rh3 d5 27. Kg2 Bc5 28. Qd2
e4 29. h6 g6 30. c3 exd3 31. Qxd3 Re3 32. Qd2 Nc4 33. Nd4 Nxd2 34. Nxc6 bxc3
35. bxc3 Rxc3 36. Rd1 Rc2 37. Kh1 Rc8 38. Re1 Rxc6 39. Re8+ Bf8 40. Rh2 Nxf3
0-1

[Event "Sparkassen Open"]
[Site "Oberhausen"]
[Date "2011.04.22"]
[Round "2.1"]
[White "Hartung, Thomas"]
[Black "Fridman, Daniel"]
[Result "0-1"]
[WhiteElo "2044"]
[BlackElo "2661"]
[PlyCount "60"]
[EventDate "2011.??.??"]
[WhiteTeam "SC Kevelaer 1948"]
[BlackTeam "SV Mülheim-Nord 1931"]

1. e4 c6 2. d4 d5 3. exd5 cxd5 4. c4 Nf6 5. Nc3 Nc6 6. Nf3 Be6 7. c5 g6 8. Bb5
Bg7 9. O-O O-O 10. Bg5 Ne4 11. Bxc6 bxc6 12. Bf4 Bg4 13. h3 Bxf3 14. Qxf3 g5
15. Bh2 Nd2 16. Qe3 Nxf1 17. Kxf1 e5 18. Bxe5 Re8 19. Qg3 Bxe5 20. dxe5 f6 21.
Re1 Qc7 22. f4 Rab8 23. Re2 Rb4 24. Rf2 fxe5 25. Qxg5+ Qg7 26. Qf5 Rxf4 27.
Rxf4 exf4 28. Nxd5 cxd5 29. Qxd5+ Kh8 30. b4 Qa1+ 0-1

[Event "Sparkassen Open"]
[Site "Oberhausen"]
[Date "2011.04.22"]
[Round "2.2"]
[White "Hausrath, Daniel"]
[Black "Matzat, Andre"]
[Result "1-0"]
[WhiteElo "2527"]
[BlackElo "2075"]
[PlyCount "65"]
[EventDate "2011.??.??"]
[WhiteTeam "SV Mülheim-Nord 1931"]
[BlackTeam "SC Weiße Dame Borbeck 25"]

1. Nf3 c5 2. b3 d6 3. e3 e5 4. Bb5+ Nc6 5. O-O e4 6. Ne1 Be7 7. Bb2 Bf6 8. Nc3
Nge7 9. Rb1 Bf5 10. f3 exf3 11. Qxf3 O-O 12. Nd5 Bxb2 13. Bxc6 Nxc6 14. Qxf5
Be5 15. Nd3 Ne7 16. Qe4 Nxd5 17. Qxd5 Qe7 18. b4 c4 19. Nxe5 dxe5 20. Qxc4 Rac8
21. Qe4 Rfd8 22. Rf2 Qe6 23. Rbf1 f6 24. a3 Qa2 25. Qxb7 Rxc2 26. Qxa7 Qd5 27.
d4 Rc3 28. dxe5 Qxe5 29. a4 Qe4 30. Qb6 Rd7 31. a5 Rb7 32. Qd8+ Kf7 33. Rxf6+
1-0

[Event "Sparkassen Open"]
[Site "Oberhausen"]
[Date "2011.04.22"]
[Round "2.3"]
[White "Hartig, Uwe"]
[Black "Levin, Felix"]
[Result "0-1"]
[WhiteElo "2026"]
[BlackElo "2476"]
[PlyCount "68"]
[EventDate "2011.??.??"]
[WhiteTeam "Düsseldorfer SV 1854"]
[BlackTeam "SV Mülheim-Nord 1931"]

1. e4 c6 2. d4 d5 3. Nc3 dxe4 4. Nxe4 Bf5 5. Ng3 Bg6 6. h4 h6 7. N1e2 e6 8. Nf4
Bh7 9. Bc4 Nf6 10. O-O Bd6 11. Re1 O-O 12. Bd3 Bxd3 13. Qxd3 Nbd7 14. Bd2 Re8
15. Qf3 Qb6 16. Ne4 Nxe4 17. Rxe4 Nf6 18. Nh5 Nxe4 19. Bxh6 Qxd4 20. Bxg7 Qxf2+
21. Qxf2 Nxf2 22. Kxf2 f5 23. Bc3 Kf7 24. g4 fxg4 25. Nf6 Rf8 26. Ne4 Ke7+ 27.
Kg2 Rf5 28. Rd1 Rd8 29. h5 Be5 30. Bb4+ Ke8 31. Re1 Rxh5 32. Ng3 Bxg3 33. Rxe6+
Kf7 34. Re7+ Kf6 0-1

[Event "Sparkassen Open"]
[Site "Oberhausen"]
[Date "2011.04.22"]
[Round "2.4"]
[White "Hort, Vlastimil"]
[Black "Berens, Thomas"]
[Result "1-0"]
[WhiteElo "2469"]
[BlackElo "2048"]
[PlyCount "62"]
[EventDate "2011.??.??"]
[WhiteTeam "Oberhausener SV 1887"]
[BlackTeam "SSG Hungen-Lich"]

1. e4 c5 2. g3 Nc6 3. Bg2 g6 4. Ne2 Bg7 5. Nbc3 e6 6. d3 Nge7 7. h4 h5 8. Bg5
a6 9. Qd2 Qc7 10. Rb1 b5 11. a3 Bb7 12. b4 Nd4 13. O-O cxb4 14. axb4 Nec6 15.
Rfc1 Rc8 16. Nxd4 Nxd4 17. Nd1 O-O 18. c3 Nc6 19. d4 Rfe8 20. Bh6 Ne7 21. Bxg7
Kxg7 22. Ne3 f5 23. c4 f4 24. gxf4 Rf8 25. cxb5 Qxf4 26. Rxc8 Nxc8 27. bxa6
Bxa6 28. d5 Ne7 29. dxe6 dxe6 30. Rd1 Bd3 31. Nf5+ exf5 1-0

[Event "Sparkassen Open"]
[Site "Oberhausen"]
[Date "2011.04.22"]
[Round "2.5"]
[White "Becker, Marco"]
[Black "Podzielny, Karl-Heinz"]
[Result "0-1"]
[WhiteElo "1995"]
[BlackElo "2455"]
[PlyCount "66"]
[EventDate "2011.??.??"]
[WhiteTeam "SV Horst-Emscher 31"]
[BlackTeam "SV Letmathe 1933"]

1. e4 c5 2. g3 Nc6 3. Bg2 e6 4. Ne2 d5 5. Nbc3 d4 6. Nb1 h5 7. h3 e5 8. d3 h4
9. g4 g5 10. O-O Be6 11. b3 Nh6 12. Kh2 f6 13. a4 a6 14. Bb2 Rh7 15. c4 dxc3
16. Nbxc3 Nb4 17. Nd5 Nxd5 18. exd5 Bxd5 19. Bxd5 Qxd5 20. Nc3 Qe6 21. Ne4 Rd7
22. Qc2 Nf7 23. Rae1 Be7 24. Re2 Qd5 25. Ba3 Nd8 26. f4 Ne6 27. Bxc5 Nxc5 28.
fxg5 fxg5 29. d4 Nxe4 30. Rxe4 Kd8 31. Rf5 Rc8 32. Qd3 Rc3 33. Qe2 Qxb3 0-1

[Event "Sparkassen Open"]
[Site "Oberhausen"]
[Date "2011.04.22"]
[Round "2.6"]
[White "Becker, Marcel"]
[Black "Rohovoy, Dmitrij"]
[Result "1-0"]
[WhiteElo "2387"]
[BlackElo "2041"]
[PlyCount "95"]
[EventDate "2011.??.??"]
[WhiteTeam "Oberhausener SV 1887"]
[BlackTeam "SK Recklinghausen Altstadt"]

1. d4 Nf6 2. Nf3 e6 3. c4 d5 4. Nc3 Be7 5. cxd5 exd5 6. Bg5
O-O 7. e3 Bg4 8. Qb3 Bxf3 9. gxf3 Nbd7 10. Rg1 Nb6 11. O-O-O Kh8 12. Bd3 c6 13.
Rg2 Nh5 14. Rdg1 Bxg5 15. Rxg5 g6 16. f4 f6 17. R5g2 f5 18. Rg5 Qe7 19. h4 Nf6
20. Be2 Rg8 21. Qc2 Ne4 22. Nxe4 Qxe4 23. Bd3 Qe7 24. h5 gxh5 25. Bxf5 Rxg5 26.
fxg5 Rg8 27. g6 hxg6 28. Bxg6 Qf6 29. f4 Rg7 30. f5 Nc4 31. Qf2 Kg8 32. Qf4 Qd6
33. f6 Qxf4 34. exf4 Rc7 35. Bxh5+ Kf8 36. f7 Rxf7 37. Bxf7 Kxf7 38. Rh1 Kg6
39. b3 Nd6 40. Kd2 a6 41. Rh8 Kf5 42. Ke3 Ne4 43. Rf8+ Ke6 44. Re8+ Kf5 45.
Re5+ Kf6 46. Rxe4 dxe4 47. Kxe4 Ke6 48. d5+ 1-0

[Event "Sparkassen Open"]
[Site "Oberhausen"]
[Date "2011.04.22"]
[Round "2.8"]
[White "Coenen, Michael"]
[Black "Meyer, Ulrich"]
[Result "1-0"]
[WhiteElo "2334"]
[BlackElo "2022"]
[PlyCount "59"]
[EventDate "2011.??.??"]
[WhiteTeam "SG Porz"]
[BlackTeam "SC Sendenhorst"]

1. e4 c6 2. Nf3 d5 3. Nc3 Bg4 4. h3 Bxf3 5.
Qxf3 e6 6. d3 Nd7 7. Bd2 Ngf6 8. g4 Be7 9. g5 Ne5 10. Qd1 Nfd7 11. f4 Ng6 12.
h4 Qc7 13. Qf3 O-O-O 14. h5 Ngf8 15. O-O-O d4 16. Ne2 Qb6 17. Kb1 Nc5 18. Nc1
Na4 19. Nb3 Bb4 20. f5 e5 21. h6 g6 22. fxg6 fxg6 23. Bh3+ Nd7 24. Qf6 Bxd2 25.
Rxd2 Rhe8 26. Qg7 Qa6 27. Rf2 Nc3+ 28. bxc3 dxc3 29. Bxd7+ Rxd7 30. Qxd7+ 1-0

[Event "Sparkassen Open"]
[Site "Oberhausen"]
[Date "2011.04.22"]
[Round "2.9"]
[White "Richters, Marc"]
[Black "Kummerow, Heiko"]
[Result "0-1"]
[WhiteElo "1979"]
[BlackElo "2321"]
[PlyCount "60"]
[EventDate "2011.??.??"]
[WhiteTeam "SC Weiße Dame Borbeck 25"]
[BlackTeam "Recklinghäuser SG Läufer Ost"]

1. e4 e6 2. b3 b6 3. Bb2 Bb7 4. Nc3 c5 5. Nf3 a6 6. d4 cxd4 7.
Nxd4 Qc7 8. a3 Nf6 9. Qd3 d5 10. exd5 Nxd5 11. Nxd5 Bxd5 12. Nf3 Nd7 13. c4 Bb7
14. Be2 e5 15. Qe3 Bd6 16. Qg5 O-O 17. Nh4 Nc5 18. Nf5 f6 19. Qg3 Rad8 20. Nxd6
Rxd6 21. Rd1 Rxd1+ 22. Bxd1 Rd8 23. Bc2 Qc6 24. Bc3 Qxg2 25. Qxg2 Bxg2 26. Rg1
Be4 27. Bxe4 Nxe4 28. Bb2 Rd3 29. b4 Rb3 30. Bc1 Rc3 0-1

[Event "Sparkassen Open"]
[Site "Oberhausen"]
[Date "2011.04.22"]
[Round "2.10"]
[White "Kaufeld, Jürgen"]
[Black "Meinert, Thomas"]
[Result "1-0"]
[WhiteElo "2260"]
[BlackElo "1996"]
[PlyCount "117"]
[EventDate "2011.??.??"]
[WhiteTeam "SV Mülheim-Nord 1931"]
[BlackTeam "SG Meiderich/Ruhort"]

1. Nf3 c5 2. b3 Nc6 3. e3 Nf6 4. Bb5 g6 5. Bb2 Bg7 6. O-O O-O
7. Bxc6 dxc6 8. h3 b6 9. d3 Nd5 10. Qc1 Qc7 11. Bxg7 Kxg7 12. Qb2+ f6 13. Nbd2
e5 14. Rfe1 Re8 15. a3 Qe7 16. Rad1 Bb7 17. c4 Nc7 18. d4 e4 19. Nh2 Rad8 20.
dxc5 Rd3 21. cxb6 axb6 22. Nb1 Red8 23. Rd2 Ne6 24. Red1 Nc5 25. b4 Rxd2 26.
Rxd2 Nd3 27. Qc2 f5 28. Nf1 c5 29. Qc3+ Qf6 30. bxc5 Qxc3 31. Nxc3 bxc5 32. Nb5
Ra8 33. Ra2 Ra4 34. Nd2 Bc6 35. Nc3 Ra8 36. g4 Ne5 37. a4 Be8 38. Kg2 Bf7 39.
gxf5 gxf5 40. Nd5 Nxc4 41. Nxc4 Bxd5 42. Nb6 Bxa2 43. Nxa8 c4 44. Kf1 c3 45.
Ke1 Bd5 46. Nc7 Bc6 47. a5 Kf6 48. a6 Kg5 49. Ne6+ Kf6 50. Nd4 Bd5 51. Kd1 Kg5
52. Ne2 Kf6 53. Kc2 Ke5 54. Kxc3 Kd6 55. Kd4 Bc6 56. Ng3 Ke6 57. a7 Ba8 58. Ne2
Kd6 59. Nc3 1-0

[Event "Sparkassen Open"]
[Site "Oberhausen"]
[Date "2011.04.23"]
[Round "3.2"]
[White "Harff, Marcel"]
[Black "Hausrath, Daniel"]
[Result "0-1"]
[WhiteElo "2203"]
[BlackElo "2527"]
[PlyCount "68"]
[EventDate "2011.??.??"]
[WhiteTeam "SG Hochneukirch"]
[BlackTeam "SV Mülheim-Nord 1931"]

1. c4 Nc6 2. Nc3 e5 3. g3 f5 4. Bg2 Nf6 5. a3 g6 6. d3 Bg7 7. b4 O-O 8. e3 d6
9. Nge2 a6 10. O-O Be6 11. Nd5 e4 12. Nef4 Bf7 13. Rb1 Ne5 14. Nxf6+ Qxf6 15.
Bb2 c6 16. c5 d5 17. a4 Qe7 18. Bxe5 Qxe5 19. d4 Qe8 20. h4 h6 21. Nh3 Bf6 22.
f4 exf3 23. Qxf3 Qe7 24. Rb3 Rae8 25. Rd1 Qd7 26. Bf1 g5 27. hxg5 hxg5 28. Nf2
Bg6 29. b5 axb5 30. axb5 Qh7 31. Ra1 f4 32. gxf4 gxf4 33. bxc6 bxc6 34. Qxf4
Bh4 0-1

[Event "Sparkassen Open"]
[Site "Oberhausen"]
[Date "2011.04.23"]
[Round "3.3"]
[White "Levin, Felix"]
[Black "Schröder, Wilfried"]
[Result "1-0"]
[WhiteElo "2476"]
[BlackElo "2145"]
[PlyCount "63"]
[EventDate "2011.??.??"]
[WhiteTeam "SV Mülheim-Nord 1931"]
[BlackTeam "SV Wattenscheid 1930"]

1. d4 d5 2. c4 e6 3. Nf3 c6 4. Qc2 dxc4 5. Qxc4 b5 6. Qc2 Bb7 7. e4 Nd7 8. Bg5
Qb6 9. Nc3 Ngf6 10. e5 Nd5 11. Nxd5 cxd5 12. Bd3 h6 13. Be3 Be7 14. O-O a5 15.
Qe2 b4 16. Ne1 Ba6 17. Qg4 g6 18. Rc1 h5 19. Qg3 Rc8 20. Rxc8+ Bxc8 21. Nf3 Ba6
22. Bxa6 Qxa6 23. Bg5 Bxg5 24. Nxg5 O-O 25. h3 Qa7 26. Nxe6 fxe6 27. Qxg6+ Kh8
28. Qh6+ Kg8 29. Qg6+ Kh8 30. Qh6+ Kg8 31. Qxe6+ Kg7 32. Qe7+ 1-0

[Event "Sparkassen Open"]
[Site "Oberhausen"]
[Date "2011.04.23"]
[Round "3.4"]
[White "Pilat, Daniel"]
[Black "Hort, Vlastimil"]
[Result "1-0"]
[WhiteElo "2175"]
[BlackElo "2469"]
[PlyCount "120"]
[EventDate "2011.??.??"]
[WhiteTeam "SG Bochum 1931"]
[BlackTeam "Oberhausener SV 1887"]

1. d4 Nf6 2. Nf3 e6 3. e3 b6 4. Bd3 Bb7 5. O-O c5 6. c4 d6 7. Nc3 Nbd7 8. b3
Be7 9. Bb2 cxd4 10. exd4 d5 11. Qe2 O-O 12. Rac1 Rc8 13. Rfd1 Re8 14. Ne5 g6
15. cxd5 exd5 16. f4 Bb4 17. Qf3 a6 18. a4 Qe7 19. Qh3 Qd6 20. Na2 Rxc1 21.
Rxc1 Bd2 22. Rf1 Re7 23. f5 g5 24. Qg3 h6 25. Ng6 Bb4 26. Nxb4 Qxb4 27. Nxe7+
Qxe7 28. Re1 Qb4 29. Bc2 Ne4 30. Bxe4 dxe4 31. Qc3 Qxc3 32. Bxc3 Bd5 33. b4 Kg7
34. Bd2 b5 35. axb5 axb5 36. Rc1 Bc4 37. Ra1 Nf6 38. Ra6 Nd5 39. Kf2 e3+ 40.
Bxe3 Nxb4 41. Rd6 Nd5 42. h4 Nf6 43. Ke1 gxh4 44. Bf2 Ne4 45. Rb6 Nxf2 46. Kxf2
h5 47. Kg1 f6 48. Kh2 Kh6 49. Rxf6+ Kg5 50. Rf8 b4 51. Rc8 Bf7 52. Rf8 Bc4 53.
Rc8 Bf7 54. Rc5 b3 55. d5 Kxf5 56. Rb5 Ke5 57. Rxb3 Bxd5 58. Rh3 Be6 59. Rxh4
Bg4 60. Kg3 Kf5 1-0

[Event "Sparkassen Open"]
[Site "Oberhausen"]
[Date "2011.04.23"]
[Round "3.5"]
[White "Podzielny, Karl-Heinz"]
[Black "Naundorf, Maik"]
[Result "1-0"]
[WhiteElo "2455"]
[BlackElo "2131"]
[PlyCount "103"]
[EventDate "2011.??.??"]
[WhiteTeam "SV Letmathe 1933"]
[BlackTeam "SC Königsspringer Hagen/Wetter"]

1. d4 Nf6 2. Nf3 g6 3. c4 c5 4. Nc3 cxd4 5. Nxd4 Nc6 6. g3 d6 7. Nc2 Bg7 8. Bg2
O-O 9. O-O Be6 10. b3 Qd7 11. Re1 Bh3 12. Bh1 Rfc8 13. Bb2 Rab8 14. Rb1 a6 15.
a4 Qd8 16. Ne3 Be6 17. Qd2 Qa5 18. Red1 Qc5 19. Ncd5 Bxd5 20. cxd5 Ne5 21. Bd4
Qc7 22. a5 Nfg4 23. Nf1 Qc2 24. h3 Qxd2 25. Nxd2 Nh6 26. g4 f5 27. g5 Nhf7 28.
f4 Nd7 29. Ba7 Ra8 30. Bf2 Rc2 31. Kf1 Rac8 32. Nc4 Kf8 33. Rdc1 Rc3 34. Be1
Rxc1 35. Rxc1 Bd4 36. Bd2 Nd8 37. e3 Ba7 38. Ke2 Rc7 39. Bf3 Rc8 40. h4 Bb8 41.
h5 Nf7 42. b4 Kg8 43. hxg6 hxg6 44. e4 Ba7 45. exf5 gxf5 46. Kd3 Nf8 47. Bh5
Nh8 48. Be2 Nfg6 49. Kc3 e5 50. Kb3 Nf7 51. Bh5 Nfh8 52. Nxd6 1-0

[Event "Sparkassen Open"]
[Site "Oberhausen"]
[Date "2011.04.23"]
[Round "3.6"]
[White "Burchert, Wolfgang"]
[Black "Becker, Marcel"]
[Result "0-1"]
[WhiteElo "2164"]
[BlackElo "2387"]
[PlyCount "62"]
[EventDate "2011.??.??"]
[WhiteTeam "SC Hansa Dortmund"]
[BlackTeam "Oberhausener SV 1887"]

1. e4 e6 2. d4 d5 3. e5 c5 4. c3 Qb6 5. Nf3 Nc6 6. a3 Nh6 7. b4 cxd4 8. cxd4
Nf5 9. Be3 f6 10. Bd3 Nxe3 11. fxe3 fxe5 12. b5 e4 13. bxc6 bxc6 14. Ne5 exd3 15. Qh5+ g6 16. Nxg6
hxg6 17. Qxh8 $16 d2+ 18. Nxd2 Ba6 19. Rb1 Qa5 20. Qf6 Kd7 21. Rb3 Bxa3 22. Qxg6 Bb4 23. Qg7+ Be7
24. Qh7 Rf8 25. Qc2 Bb4 26. Qh7+ Kc8 27. Rxb4 Qxb4 28. Qh6 Re8 29. Qg6 Kd7 30.
Kd1 Qa3 31. Re1 Bd3 0-1

[Event "Sparkassen Open"]
[Site "Oberhausen"]
[Date "2011.04.23"]
[Round "3.8"]
[White "Kuznetsov, Mark"]
[Black "Coenen, Michael"]
[Result "1/2-1/2"]
[WhiteElo "2147"]
[BlackElo "2334"]
[PlyCount "132"]
[EventDate "2011.??.??"]
[WhiteTeam "SK Recklinghausen Altstadt"]
[BlackTeam "SG Porz"]

1. d4 Nf6 2. Nf3 b6 3. g3 Bb7 4. Bg2 e6 5. O-O c5 6. c3 Be7 7. Re1 O-O 8. Nbd2
d5 9. a3 Nbd7 10. b4 cxb4 11. cxb4 Ne4 12. Bb2 f5 13. Rc1 Ndf6 14. Ne5 Bd6 15.
f3 Nxd2 16. Qxd2 Qe7 17. Rc2 a5 18. bxa5 Rxa5 19. Rec1 Ne8 20. Nc6 Bxc6 21.
Rxc6 f4 22. gxf4 Bxf4 23. e3 Bc7 24. Bc3 Ra6 25. Bb4 Bd6 26. Qd3 Bxb4 27. axb4
Ra2 28. Qb3 Re2 29. Kf1 Qg5 30. Kxe2 Qxg2+ 31. Kd3 Qxf3 32. Kc2 Nf6 33. Kb2 Qh3
34. R1c2 b5 35. Rb6 Ne4 36. Rxb5 Nd6 37. Rbc5 h5 38. b5 Qf1 39. b6 Qa6 40. Rc6
Ra8 41. Rc1 Nc4+ 42. R6xc4 dxc4 43. Qxc4 Qxb6+ 44. Kc2 Ra3 45. Qc8+ Kh7 46. Kd2
Qd6 47. Qc7 Qd5 48. Rc3 Qg2+ 49. Kd3 Qf1+ 50. Kd2 Qf2+ 51. Kd3 Rxc3+ 52. Qxc3
Qxh2 53. Qc8 Qd6 54. Qe8 Qd5 55. e4 Qb3+ 56. Ke2 Kh6 57. Qh8+ Kg6 58. Qe8+ Kg5
59. Qe7+ Kh6 60. Qd6 Kh7 61. Qe5 Qh3 62. d5 Qg4+ 63. Kd3 exd5 64. exd5 h4 65.
d6 h3 66. Ke3 Kg6 1/2-1/2

[Event "Sparkassen Open"]
[Site "Oberhausen"]
[Date "2011.04.23"]
[Round "3.9"]
[White "Kummerow, Heiko"]
[Black "Shishkov, Mark"]
[Result "1-0"]
[WhiteElo "2321"]
[BlackElo "1644"]
[PlyCount "35"]
[EventDate "2011.??.??"]
[WhiteTeam "Recklinghäuser SG Läufer Ost"]
[BlackTeam "SC Erkrath 1973"]

1. e4 c6 2. d4 d5 3. f3 dxe4 4. fxe4 e5 5. Nf3 Bg4 6. c3 Nd7 7. Be2 Bd6 8. Nbd2
Ngf6 9. Nc4 Bc7 10. Nfxe5 Bxe2 11. Qxe2 Nxe5 12. dxe5 Nd7 13. Bf4 g5 14. Bg3 h5
15. O-O-O Qe7 16. e6 Nb6 17. Bxc7 Qxc7 18. Nd6+ 1-0

[Event "Sparkassen Open"]
[Site "Oberhausen"]
[Date "2011.04.23"]
[Round "3.10"]
[White "Buschmann, Andreas"]
[Black "Kaufeld, Jürgen"]
[Result "1/2-1/2"]
[WhiteElo "2084"]
[BlackElo "2260"]
[PlyCount "67"]
[EventDate "2011.??.??"]
[WhiteTeam "SV Horst-Emscher 31"]
[BlackTeam "SV Mülheim-Nord 1931"]

1. d4 d5 2. c4 c6 3. Nf3 Nf6 4. e3 a6 5. b3 Bg4 6. Be2 Nbd7 7. O-O e6 8. Bb2
Bd6 9. Nbd2 O-O 10. Ne5 Bf5 11. f4 Ne4 12. Nxe4 Bxe4 13. Nxd7 Qxd7 14. Bf3 Bg6
15. Rc1 f6 16. g3 b5 17. Qe2 bxc4 18. bxc4 Rfb8 19. Rf2 Rb7 20. e4 Rab8 21. Bc3
Ba3 22. Re1 Bb4 23. Bxb4 Rxb4 24. exd5 exd5 25. cxd5 cxd5 26. Qxa6 Rxd4 27.
Rfe2 Bd3 28. Qe6+ Qxe6 29. Rxe6 Bc4 30. a4 Rd2 31. a5 Ra2 32. a6 Ra8 33. Rd6
R2xa6 34. Rxd5 1/2-1/2

[Event "Sparkassen Open"]
[Site "Oberhausen"]
[Date "2011.04.24"]
[Round "4.2"]
[White "Hausrath, Daniel"]
[Black "van Assendelft, Floris"]
[Result "1-0"]
[WhiteElo "2527"]
[BlackElo "2356"]
[PlyCount "119"]
[EventDate "2011.??.??"]
[WhiteTeam "SV Mülheim-Nord 1931"]
[BlackTeam "SC Klein-Berlin Rheine 1923"]

1. Nf3 Nf6 2. g3 d5 3. Bg2 c6 4. c4 g6 5. b3 Bg7 6. Bb2 O-O 7. O-O dxc4 8. bxc4
c5 9. d4 cxd4 10. Nxd4 Qb6 11. Qb3 Nfd7 12. e3 Nc5 13. Qa3 Ne6 14. Nb3 Bxb2 15.
Qxb2 Nc5 16. Nc3 Be6 17. Qa3 Nbd7 18. Rfb1 Qd6 19. Rd1 Qc7 20. Nd5 Bxd5 21.
cxd5 Nxb3 22. axb3 Qd6 23. Rdc1 a5 24. Bh3 Rfd8 25. Qxd6 exd6 26. Bxd7 Rxd7 27.
Rc4 Ra6 28. Rca4 Rb6 29. R1a3 Kg7 30. Rxa5 Rc7 31. Ra8 h5 32. Rd8 Kf6 33. Ra4
Ke7 34. Rh8 Rxb3 35. Re4+ Kf6 36. Rd8 Rb6 37. Kg2 Re7 38. Rf4+ Kg7 39. h4 Rc7
40. Re4 Kf6 41. Rf4+ Kg7 42. g4 hxg4 43. Rxg4 Kf6 44. Re8 Rb5 45. e4 Rb3 46.
Rf4+ Kg7 47. Rd8 Rb6 48. Kg3 Re7 49. f3 Ra6 50. Kg4 Rc7 51. h5 b5 52. hxg6 fxg6
53. Kg5 Ra1 54. Rxd6 Rg1+ 55. Rg4 Rxg4+ 56. fxg4 Rb7 57. Rxg6+ Kf7 58. e5 b4
59. e6+ Kf8 60. d6 1-0

[Event "Sparkassen Open"]
[Site "Oberhausen"]
[Date "2011.04.24"]
[Round "4.3"]
[White "Kummerow, Heiko"]
[Black "Levin, Felix"]
[Result "0-1"]
[WhiteElo "2321"]
[BlackElo "2476"]
[PlyCount "82"]
[EventDate "2011.??.??"]
[WhiteTeam "Recklinghäuser SG Läufer Ost"]
[BlackTeam "SV Mülheim-Nord 1931"]

1. e4 c6 2. d4 d5 3. f3 g6 4. Nc3 Bg7 5. Be3 Qb6 6. Qd2 Qxb2 7. Rb1 Qa3 8. exd5
Nf6 9. dxc6 bxc6 10. Bd3 O-O 11. Nge2 Ba6 12. O-O Nbd7 13. Rb3 Qa5 14. Nc1 Bxd3
15. Nxd3 Nb6 16. Nc5 Nc4 17. Qd3 Nxe3 18. Qxe3 Nd5 19. Nxd5 cxd5 20. Rfb1 Rac8
21. c3 e5 22. Nd7 exd4 23. cxd4 Rfe8 24. Qf2 Qa4 25. Ne5 Bxe5 26. dxe5 Rxe5 27.
h3 a5 28. Qb2 Qf4 29. Rb7 Rce8 30. Rb8 Rxb8 31. Qxb8+ Kg7 32. Qd8 Qd2 33. Qh4
Re2 34. Qg3 Qd4+ 35. Kh2 Rxa2 36. Qd6 Qd2 37. Qe5+ Kh6 38. Qg3 Rb2 39. f4 Rxb1
40. Qg5+ Kg7 41. Qe5+ Kf8 0-1

[Event "Sparkassen Open"]
[Site "Oberhausen"]
[Date "2011.04.24"]
[Round "4.5"]
[White "Coenen, Michael"]
[Black "Pilat, Daniel"]
[Result "1-0"]
[WhiteElo "2334"]
[BlackElo "2175"]
[PlyCount "87"]
[EventDate "2011.??.??"]
[WhiteTeam "SG Porz"]
[BlackTeam "SG Bochum 1931"]

1. e4 c5 2. Nc3 e6 3. Nf3 a6 4. g3 b6 5. Bg2 Bb7 6. O-O d6 7. Re1 Nd7 8. d4
cxd4 9. Qxd4 e5 10. Qd1 Ngf6 11. Nd2 Qc7 12. Nf1 b5 13. a3 Nb6 14. Bg5 Be7 15.
Qd3 h6 16. Bxf6 Bxf6 17. Ne3 O-O 18. a4 b4 19. a5 bxc3 20. axb6 Qxb6 21. Ra3
Rfd8 22. Rb3 Qa7 23. Qxc3 Rac8 24. Qb4 Rb8 25. Qa5 Bc6 26. Rxb8 Rxb8 27. b3 Rb5
28. Qa2 Bd8 29. Nc4 Bb6 30. c3 Bc7 31. b4 Rb8 32. Ra1 Ra8 33. Bf3 Kf8 34. Bh5
g6 35. Bf3 Kg7 36. Bg2 Qb7 37. Qc2 f5 38. Ne3 fxe4 39. c4 Rf8 40. Rb1 d5 41.
cxd5 Bxd5 42. Nxd5 Qxd5 43. Qxc7+ Rf7 44. Qc2 1-0

[Event "Sparkassen Open"]
[Site "Oberhausen"]
[Date "2011.04.24"]
[Round "4.6"]
[White "Kaufeld, Jürgen"]
[Black "Kuznetsov, Mark"]
[Result "1-0"]
[WhiteElo "2260"]
[BlackElo "2147"]
[PlyCount "49"]
[EventDate "2011.??.??"]
[WhiteTeam "SV Mülheim-Nord 1931"]
[BlackTeam "SK Recklinghausen Altstadt"]

1. d4 Nf6 2. Nf3 d5 3. c4 e6 4. g3 Bb4+ 5. Bd2 Be7 6. Bg2 O-O 7. O-O c6 8. Qb3
Nbd7 9. Nc3 b6 10. a4 Ba6 11. cxd5 exd5 12. Rfe1 Ne4 13. Bf4 Bc4 14. Qc2 f5 15.
Nxe4 fxe4 16. Ne5 Nxe5 17. Bxe5 Qd7 18. Bxe4 dxe4 19. Qxc4+ Kh8 20. Rf1 Rae8
21. Rad1 Rf5 22. Qc2 Qd5 23. f3 exf3 24. e4 f2+ 25. Kg2 1-0